| 000 | 00871nas a2200265Ia 4500 | ||
|---|---|---|---|
| 001 | A10/R166-28944 [r000021887] | ||
| 003 | IT-MiCISF | ||
| 008 | 161014c99999999xx |||||||||||| ||und|| | ||
| 040 |
_aIT-MiCISF _cIT-MiCISF |
||
| 041 | _aITALIANO | ||
| 100 | _aDonati Pierpaolo | ||
| 210 | _aStudi di sociologia | ||
| 222 | _aStudi di sociologia | ||
| 245 | 0 | _aL'incidenza della famiglia rispetto alla scuola sulla socializzazione al lavoro in aree urbane differenziate | |
| 250 | _a1a ed. | ||
| 260 | _c1978 | ||
| 501 |
_bCISF - Centro Internazionale Studi Famiglia - Via Giotto, 36 20145 MILANO (non commercial uses only) _cCopyright 2016 |
||
| 300 | _app. 50-92 | ||
| 362 | _an. 1 [1978] | ||
| 500 | _a Tema: famiglia-urbana, lavoro, scuola, sociologia | ||
| 650 |
_aLAVORO _varticolo |
||
| 700 | _aAA.VV. | ||
| 942 | _cCR | ||
| 957 | _71 | ||
| 999 |
_a28944 _bSi _g1 _c223683 _d223683 |
||